00317nam a2200121Ia 4500008004100000041000800041082001500049100002000064245003200084260004400116300002400160365001100184240624s9999 xx 000 0 und d aeng a657.45 LIN aLINDSAY JEFFREY aTECHNOLOGY MANAGEMENT AUDIT aUKbCambridge Strategy Publications Ltd a108 : p. : cm. ; 29 cRSb50